[Event "Titled Tue 3rd Jun Early"]
[Site "chess.com INT"]
[Date "2025.06.03"]
[Round "8"]
[White "Smirnov, Mark"]
[Black "Marchesich, Giovanni"]
[Result "1-0"]
[WhiteTitle "FM"]
[BlackTitle "CM"]
[WhiteElo "2348"]
[BlackElo "2219"]
[WhiteFideId "13764594"]
[BlackFideId "2824790"]
[EventDate "2025.06.03"]

1. e4 d5 2. e5 c5 3. c3 Nc6 4. d4 cxd4 5. cxd4 Qb6 6. Ne2 Bg4 7. f3 Bf5 8. Nbc3
e6 9. a3 a5 10. Be3 Nge7 11. Na4 Qa7 12. g4 Bg6 13. Nf4 h5 14. Qd2 hxg4 15. fxg4
Be4 16. Bg2 Ng6 17. Nxg6 Bxg6 18. Nc3 Be7 19. O-O O-O 20. Qf2 Qa6 21. h4 Bd3 22.
Rfd1 Bh7 23. g5 Bf5 24. Nxd5 Bd8 25. Bf1 Qa7 26. Nc3 Bb6 27. Nb5 Qb8 28. Nd6 g6
29. h5 Qd8 30. h6 Rb8 31. Bg2 Qd7 32. Rac1 Ne7 33. d5 Nxd5 34. Bxb6 Qe7 35. Bxd5
exd5 36. Nxf5 Qxg5+ 37. Ng3 Qxe5 38. Bd4 Qg5 39. h7+ Kxh7 40. Qh2+ Qh6 41. Qxh6+
Kxh6 42. Kg2 f5 43. Rh1+ Kg5 44. Ne2 f4 45. Kf3 Rbe8 46. Rcg1+ Kf5 47. Rh4 g5
48. Rh5 Rg8 49. Nxf4 Re4 50. Ne2 Rge8 51. Ng3+ 1-0

[Event "Titled Tue 3rd Jun Early"]
[Site "chess.com INT"]
[Date "2025.06.03"]
[Round "8"]
[White "Moghaddamian, Afshin"]
[Black "Behzad Nazif, Parva"]
[Result "0-1"]
[WhiteTitle "CM"]
[BlackTitle "WIM"]
[WhiteElo "2126"]
[BlackElo "2090"]
[WhiteFideId "12503886"]
[BlackFideId "12563790"]
[EventDate "2025.06.03"]

1. Nf3 Nf6 2. g3 g6 3. Bg2 Bg7 4. O-O O-O 5. c4 d6 6. d4 Nc6 7. Nc3 Bf5 8. d5
Na5 9. Nd2 c5 10. e4 Bd7 11. Qc2 a6 12. a4 Rb8 13. Re1 b5 14. axb5 axb5 15. cxb5
Bxb5 16. b3 Ng4 17. h3 Ne5 18. Re3 c4 19. Rb1 cxb3 20. Nxb3 Rc8 21. Nd4 Bd7 22.
f4 Nec4 23. Rd3 Qc7 24. Ncb5 Qc5 25. Kh2 Rb8 26. Qa4 Bxd4 27. Rxd4 Qxd4 28. Qxa5
Bxb5 29. Qc7 Qd3 30. Ra1 Nd2 31. Qxe7 Nf3+ 32. Bxf3 Qxf3 33. Ra2 Bc4 34. Rd2 Rb1
35. Qb7 Rxb7 0-1

[Event "Titled Tue 3rd Jun Early"]
[Site "chess.com INT"]
[Date "2025.06.03"]
[Round "8"]
[White "Arslanov, Shamil"]
[Black "Rustamov, Rustam"]
[Result "0-1"]
[WhiteTitle "IM"]
[BlackTitle "FM"]
[WhiteElo "2410"]
[BlackElo "2323"]
[WhiteFideId "4192826"]
[BlackFideId "13440110"]
[EventDate "2025.06.03"]

1. d4 Nf6 2. f3 d5 3. e4 dxe4 4. Nc3 e6 5. fxe4 Bb4 6. a3 Bxc3+ 7. bxc3 c5 8. e5
Nd5 9. Qg4 g6 10. Bd2 Nc6 11. Nf3 h6 12. Bd3 Nce7 13. O-O Nf5 14. Rae1 Qc7 15.
Bxf5 exf5 16. Qg3 c4 17. e6 Bxe6 18. Qh4 Qe7 19. Bg5 Qxa3 20. Bf6 Rg8 21. Ne5
Nxf6 22. Qxf6 Qe7 23. Qxe7+ Kxe7 24. Nxc4 Kf6 25. Ne3 Rgd8 26. Rd1 Rac8 27. d5
Bd7 28. c4 b6 29. Ra1 Re8 30. Rfe1 f4 31. Nf1 Rxe1 32. Rxe1 Rxc4 33. Ra1 Rxc2
34. Rxa7 Bb5 35. g3 Rc1 36. Rc7 Rxc7 0-1

[Event "Titled Tue 3rd Jun Early"]
[Site "chess.com INT"]
[Date "2025.06.03"]
[Round "8"]
[White "Sava, Robert-Gabriel"]
[Black "Sharshenbekov, Emir"]
[Result "1-0"]
[WhiteTitle "CM"]
[BlackTitle "CM"]
[WhiteElo "2155"]
[BlackElo "2091"]
[WhiteFideId "1265725"]
[BlackFideId "13810634"]
[EventDate "2025.06.03"]

1. d4 Nf6 2. c4 c5 3. d5 b5 4. cxb5 a6 5. bxa6 e6 6. Nc3 Bxa6 7. g3 Bb7 8. Bg2
Qa5 9. Bd2 Qb6 10. Nh3 exd5 11. Nf4 d4 12. Ncd5 Nxd5 13. Nxd5 Bxd5 14. Bxd5 Nc6
15. O-O Be7 16. e3 dxe3 17. Bxe3 O-O 18. Rb1 Bf6 19. b4 Nxb4 20. Bxa8 Rxa8 21.
Qxd7 h6 22. Rfc1 Qa6 23. Rxc5 Nxa2 24. Qb7 Qxb7 25. Rxb7 Nc3 26. Rcc7 Rf8 27.
Bc5 Re8 28. Rxf7 Re1+ 29. Kg2 Ne4 30. Be3 Kh7 31. Rxg7+ Bxg7 32. Bd4 Ng5 33.
Rxg7+ Kh8 34. Rxg5+ Kh7 35. Rg7+ 1-0

[Event "Titled Tue 3rd Jun Early"]
[Site "chess.com INT"]
[Date "2025.06.03"]
[Round "8"]
[White "Kleiman, Jake"]
[Black "Lagunov, Evgenij"]
[Result "1-0"]
[WhiteTitle "IM"]
[BlackTitle "FM"]
[WhiteElo "2399"]
[BlackElo "2201"]
[WhiteFideId "2020041"]
[BlackFideId "4125363"]
[EventDate "2025.06.03"]

1. h4 d5 2. d4 Bf5 3. c3 Nd7 4. Bf4 Ngf6 5. Nd2 e6 6. e3 h6 7. Ngf3 c5 8. Ne5
Qb6 9. Qb3 a6 10. Be2 Be7 11. g4 Bh7 12. g5 Ne4 13. Bh5 Bg8 14. Nxe4 Qxb3 15.
axb3 dxe4 16. O-O-O Nxe5 17. Bxe5 Kf8 18. dxc5 hxg5 19. hxg5 Bxg5 20. Be2 Rxh1
21. Rxh1 Be7 22. b4 f6 23. Bc7 Kf7 24. Kc2 g5 25. Bc4 Kg7 26. Rd1 Kf7 27. Bb6
Bh7 28. Rd7 Rb8 29. Ba7 Rd8 30. Rxb7 f5 31. c6 f4 32. Bc5 1-0

[Event "Titled Tue 3rd Jun Early"]
[Site "chess.com INT"]
[Date "2025.06.03"]
[Round "8"]
[White "Neustroev, Victor"]
[Black "Winkels, Marcel"]
[Result "1-0"]
[WhiteTitle "FM"]
[BlackTitle "CM"]
[WhiteElo "2283"]
[BlackElo "1918"]
[WhiteFideId "4144147"]
[BlackFideId "1003887"]
[EventDate "2025.06.03"]

1. e4 c5 2. Nf3 d6 3. d4 cxd4 4. Nxd4 Nf6 5. Nc3 a6 6. Nb3 g6 7. f3 Bg7 8. Be3
O-O 9. Qd2 b5 10. a4 b4 11. Na2 a5 12. c3 Be6 13. Nd4 bxc3 14. Nxc3 Nbd7 15.
Nxe6 fxe6 16. Bc4 Kh8 17. Bxe6 Rb8 18. O-O Nc5 19. Bxc5 dxc5 20. Qxd8 Rfxd8 21.
Rf2 Nh5 22. Nb5 Nf4 23. Bc4 Nd3 24. Bxd3 Rxd3 25. Rc1 Rc8 26. Rfc2 h6 27. Rxc5
Rxc5 28. Rxc5 Bxb2 29. Rc7 Bf6 30. Ra7 Rd1+ 31. Kf2 Rd2+ 32. Kg3 Be5+ 33. Kh3 1-0

[Event "Titled Tue 3rd Jun Early"]
[Site "chess.com INT"]
[Date "2025.06.03"]
[Round "8"]
[White "Ternault, Mathieu"]
[Black "Sabatier, Mathis"]
[Result "0-1"]
[WhiteTitle "FM"]
[BlackTitle "CM"]
[WhiteElo "2273"]
[BlackElo "2235"]
[WhiteFideId "20641532"]
[BlackFideId "26029685"]
[EventDate "2025.06.03"]

1. Nf3 d5 2. c4 d4 3. e3 Nc6 4. b4 Nxb4 5. Qa4+ Nc6 6. exd4 Bd7 7. Qb3 e5 8. d5
Nd4 9. Nxd4 exd4 10. Be2 Nf6 11. O-O Bd6 12. d3 h5 13. h3 O-O 14. Bg5 Qe7 15.
Qd1 Qe5 16. f4 Qe3+ 17. Kh1 Nh7 18. Rf3 Qe8 19. Bh4 f6 20. Nd2 g5 21. fxg5 fxg5
22. Rxf8+ Qxf8 23. Be1 Qf4 24. Nf1 Re8 25. Bg3 Qf6 26. Bxh5 Rf8 27. Bxd6 Qxd6
28. Qe2 Nf6 29. Nh2 Qg3 0-1

[Event "Titled Tue 3rd Jun Early"]
[Site "chess.com INT"]
[Date "2025.06.03"]
[Round "8"]
[White "Genkeswaran, Genivan"]
[Black "Gelman, Alexander"]
[Result "1-0"]
[WhiteTitle "CM"]
[BlackTitle "IM"]
[WhiteElo "2197"]
[BlackElo "2403"]
[WhiteFideId "5754496"]
[BlackFideId "4118316"]
[EventDate "2025.06.03"]

1. d4 Nf6 2. c4 c5 3. d5 b5 4. cxb5 a6 5. bxa6 e6 6. Nc3 exd5 7. Nxd5 Nxa6 8. e3
Nxd5 9. Qxd5 Nc7 10. Qe4+ Be7 11. Bd3 d5 12. Qf3 c4 13. Bc2 Bb4+ 14. Kf1 Ra6 15.
Ne2 Rf6 16. Qg3 Bd6 17. Qxg7 Ke7 18. e4 Rg8 19. Qxh7 Bc5 20. Bf4 Bg4 21. Qh4 Ne6
22. e5 Bxe2+ 23. Kxe2 Nxf4+ 24. Kf1 Ke8 25. exf6 Qd6 26. Re1+ Kd8 27. g3 Nd3 28.
Bxd3 cxd3 29. Qh7 Rg6 30. Qh8+ Kc7 31. Re7+ Kb6 32. Qc8 Kb5 33. Qb7+ Kc4 34.
Qb3+ Kd4 35. Qc3# 1-0

[Event "Titled Tue 3rd Jun Early"]
[Site "chess.com INT"]
[Date "2025.06.03"]
[Round "8"]
[White "Gales, Randi-Ioan"]
[Black "Terkiewicz, Bruno"]
[Result "1-0"]
[WhiteTitle "CM"]
[BlackTitle "CM"]
[WhiteElo "2290"]
[BlackElo "2183"]
[WhiteFideId "1285360"]
[BlackFideId "21093245"]
[EventDate "2025.06.03"]

1. d4 Nf6 2. c4 b6 3. Nc3 Bb7 4. d5 e6 5. a3 c6 6. d6 c5 7. Nb5 Na6 8. f3 g6 9.
e4 Bg7 10. Bg5 h6 11. Bh4 g5 12. Bf2 O-O 13. Bd3 Ne8 14. Qc2 Nb8 15. Bg3 Nc6 16.
Ne2 a6 17. Nc7 Nxc7 18. dxc7 Qe7 19. O-O-O b5 20. cxb5 axb5 21. Bxb5 Nd4 22.
Nxd4 Bxd4 23. Bf2 e5 24. g3 Rfc8 25. f4 d6 26. h4 exf4 27. Rhe1 Be5 28. gxf4
Bxf4+ 29. Be3 Bxe3+ 30. Rxe3 Rxc7 31. hxg5 hxg5 32. e5 dxe5 33. Rh3 e4 34. Rdh1
Qf6 35. Rh8+ Qxh8 36. Rxh8+ Kxh8 37. Qh2+ Kg8 38. Qxc7 Bd5 39. Qe5 Be6 40. Qxg5+
Kf8 41. Bc6 Rc8 42. Bxe4 c4 43. Bf5 Bxf5 44. Qxf5 Rc6 45. Qd5 Rc8 46. Qd6+ Kg8
47. a4 c3 48. bxc3 Rxc3+ 49. Kb2 Rc8 50. a5 Kg7 51. a6 f5 52. Qd7+ 1-0

[Event "Titled Tue 3rd Jun Early"]
[Site "chess.com INT"]
[Date "2025.06.03"]
[Round "8"]
[White "Nguyen, Ngoc Truong Son"]
[Black "Xiong, Jeffery"]
[Result "1-0"]
[WhiteTitle "GM"]
[BlackTitle "GM"]
[WhiteElo "2632"]
[BlackElo "2636"]
[WhiteFideId "12401110"]
[BlackFideId "2047640"]
[EventDate "2025.06.03"]

1. e4 c5 2. c3 e6 3. Nf3 Nc6 4. d4 cxd4 5. cxd4 d5 6. e5 Nge7 7. Na3 Nf5 8. Nc2
Bd7 9. Bd3 Qb6 10. O-O Rc8 11. Be3 Be7 12. a3 a5 13. Rb1 O-O 14. Bd2 f6 15. Bxf5
exf5 16. Bc3 f4 17. exf6 Bxf6 18. Ne5 Bf5 19. Rc1 Kh8 20. Re1 Bxe5 21. dxe5 Bxc2
22. Rxc2 d4 23. Bd2 f3 24. e6 fxg2 25. Qg4 Qb3 26. Qe4 Rce8 27. Rc5 Qxb2 28. Bf4
Rf6 29. Rf5 Rxf5 30. Qxf5 Qxa3 31. Qf7 Qe7 32. Bd6 Qd8 33. e7 1-0

[Event "Titled Tue 3rd Jun Early"]
[Site "chess.com INT"]
[Date "2025.06.03"]
[Round "8"]
[White "Leinov, Roman"]
[Black "Jahnz, Laurin"]
[Result "1/2-1/2"]
[WhiteTitle "CM"]
[BlackTitle "CM"]
[WhiteElo "2120"]
[BlackElo "2233"]
[WhiteFideId "13504649"]
[BlackFideId "16261089"]
[EventDate "2025.06.03"]

1. Nf3 g6 2. g3 Bg7 3. Bg2 b6 4. O-O Bb7 5. c4 d6 6. Nc3 Nd7 7. d4 e6 8. e4 Ne7
9. Re1 O-O 10. h3 h6 11. b3 a6 12. Bb2 e5 13. Nd5 Nxd5 14. exd5 Re8 15. dxe5
Nxe5 16. Nxe5 Bxe5 17. Bxe5 Rxe5 18. Rxe5 dxe5 19. Qd2 Kg7 20. Re1 Qd6 21. Qc3
Re8 22. f4 f6 23. fxe5 Rxe5 24. Rxe5 Qxe5 25. Qxe5 fxe5 26. Kf2 Bc8 27. Ke3 Bf5
28. a3 Kf7 29. b4 Ke7 30. c5 g5 31. h4 Bc2 32. Be4 Bb3 33. hxg5 hxg5 34. Kf3
Bd1+ 35. Ke3 Bb3 36. Bf3 Bc2 37. Bg2 Kf6 38. Bh3 Bb3 39. Bg2 Kf5 40. Bh3+ g4 41.
Bg2 bxc5 42. bxc5 Bc2 43. Bf1 a5 44. Ba6 Bb3 45. Bc8+ Kf6 46. d6 cxd6 47. cxd6
Bd1 48. Kd2 Bf3 49. Ke3 Kf7 50. Bf5 Kf6 51. Bc8 Kf7 52. Kd3 Ke8 53. Be6 Kd8 54.
Ke3 Ke8 55. Kd3 Kd8 56. Ke3 1/2-1/2

[Event "Titled Tue 3rd Jun Early"]
[Site "chess.com INT"]
[Date "2025.06.03"]
[Round "8"]
[White "Reshetnikov, Alexey"]
[Black "Demchenko, Anton"]
[Result "1-0"]
[WhiteTitle "IM"]
[BlackTitle "GM"]
[WhiteElo "2492"]
[BlackElo "2619"]
[WhiteFideId "4162080"]
[BlackFideId "4160258"]
[EventDate "2025.06.03"]

1. d4 Nf6 2. c4 d6 3. Nc3 e5 4. d5 Bf5 5. g3 Nbd7 6. Bg2 e4 7. Nh3 h6 8. O-O Be7
9. f3 O-O 10. Nf2 Re8 11. Be3 Bf8 12. Qd2 a5 13. b3 Bg6 14. Bd4 Qe7 15. Nfxe4
Nxe4 16. fxe4 b6 17. Rf4 Qg5 18. Raf1 Ne5 19. Nb5 Qd8 20. Bh3 a4 21. Bf5 axb3
22. axb3 Be7 23. Bxg6 fxg6 24. Bxe5 dxe5 25. Rf7 Rf8 26. Rxf8+ Bxf8 27. Qc3 Bc5+
28. Kg2 Qe7 29. Qf3 h5 30. h3 Kh7 31. g4 h4 32. Qf7 Qg5 33. Nxc7 Qe3 34. Qf3 Qd2
35. Nxa8 Be3 36. Nc7 Bf4 37. Ne6 g5 38. Qd3 Qb4 39. d6 1-0

[Event "Titled Tue 3rd Jun Early"]
[Site "chess.com INT"]
[Date "2025.06.03"]
[Round "8"]
[White "Dubnevych, Maksym"]
[Black "Gyurjinyan, Valter"]
[Result "0-1"]
[WhiteTitle "FM"]
[BlackTitle "CM"]
[WhiteElo "2292"]
[BlackElo "2208"]
[WhiteFideId "14184001"]
[BlackFideId "13318179"]
[EventDate "2025.06.03"]

1. Nc3 d5 2. e4 dxe4 3. Nxe4 Nf6 4. Nxf6+ exf6 5. d4 Bd6 6. Bd3 O-O 7. Ne2 c5 8.
O-O cxd4 9. Nxd4 a6 10. Be3 Nd7 11. Nf5 Bc5 12. Bh6 Ne5 13. Bxg7 Bxf5 14. Bxf8
Nxd3 15. Bxc5 Nxc5 16. Qh5 Qc8 17. Rfe1 Bg6 18. Qh4 Qc6 19. c3 Rd8 20. Re2 Kg7
21. Qf4 Qb5 22. Rd2 Re8 23. h4 h5 24. Rad1 Re4 25. Qg3 Rg4 26. Qh2 Ne4 27. Rd4
Qxb2 28. Rf1 Qxc3 29. Rd8 Nd2 30. Rxd2 Qxd2 31. f3 Qd4+ 32. Rf2 Bd3 33. Qg3 Rxg3 0-1

[Event "Titled Tue 3rd Jun Early"]
[Site "chess.com INT"]
[Date "2025.06.03"]
[Round "8"]
[White "Karpenko, Anton"]
[Black "Lymar, Vladislav"]
[Result "1-0"]
[WhiteTitle "CM"]
[BlackTitle "CM"]
[WhiteElo "2218"]
[BlackElo "2216"]
[WhiteFideId "34374353"]
[BlackFideId "14162180"]
[EventDate "2025.06.03"]

1. e4 c5 2. Nf3 Nc6 3. d4 cxd4 4. Nxd4 Nf6 5. Nc3 e5 6. Ndb5 Bc5 7. Nd6+ Ke7 8.
Nf5+ Kf8 9. Be3 Bb4 10. Nd6 Qa5 11. Bc4 Bxc3+ 12. bxc3 Qxc3+ 13. Bd2 Qd4 14. Be3
Qc3+ 15. Bd2 Qa3 16. Nxf7 Rg8 17. Ng5 Rh8 18. O-O Ke7 19. Re1 h6 20. Nf3 d6 21.
Nh4 Rd8 22. Bd3 Be6 23. Qf3 Nd4 24. Qg3 g5 25. Nf5+ Nxf5 26. exf5 Bf7 27. h4
gxh4 28. Qxh4 Rh8 29. Rxe5+ dxe5 30. Bb4+ Qxb4 31. Qxb4+ Ke8 32. Qxb7 Rd8 33.
Re1 Nd7 34. Bb5 Ke7 35. Rxe5+ Kd6 36. Re3 Ne5 37. f6 Bd5 38. Qe7# 1-0

[Event "Titled Tue 3rd Jun Early"]
[Site "chess.com INT"]
[Date "2025.06.03"]
[Round "8"]
[White "Ambartsumova, Karina"]
[Black "Lortkipanidze, Nodar"]
[Result "1-0"]
[WhiteTitle "IM"]
[BlackTitle "IM"]
[WhiteElo "2403"]
[BlackElo "2359"]
[WhiteFideId "4166299"]
[BlackFideId "13604058"]
[EventDate "2025.06.03"]

1. Nf3 e6 2. c4 b6 3. e4 Bb7 4. Nc3 Bb4 5. e5 Ne7 6. a3 Bxc3 7. bxc3 d6 8. d4
Nbc6 9. exd6 cxd6 10. Bd3 Na5 11. O-O Qc7 12. Bf4 Rc8 13. c5 bxc5 14. dxc5 Qxc5
15. Bxd6 Bxf3 16. Bxc5 Bxd1 17. Bb5+ Nac6 18. Rfxd1 Nd5 19. Rac1 f6 20. c4 Ne7
21. Rd6 Kf7 22. Rd7 Rhe8 23. Rb7 a6 24. Ba4 e5 25. Rd1 Red8 26. Rdb1 Ke6 27. Kf1
Nf5 28. R1b6 Nd4 29. Bxd4 Rxd4 30. Bxc6 Rxc6 31. Rxc6+ Kf5 32. Ke2 Re4+ 33. Kd2
Rd4+ 34. Kc3 g5 35. Rbb6 Kg4 36. h3+ Kh5 37. Rxf6 Rd1 38. Rh6# 1-0

[Event "Titled Tue 3rd Jun Early"]
[Site "chess.com INT"]
[Date "2025.06.03"]
[Round "8"]
[White "Olhovik, Andrei"]
[Black "Mizzi, Jack"]
[Result "1-0"]
[WhiteTitle "FM"]
[BlackTitle "CM"]
[WhiteElo "2282"]
[BlackElo "2086"]
[WhiteFideId "13507397"]
[BlackFideId "5602521"]
[EventDate "2025.06.03"]

1. d4 Nf6 2. c4 e6 3. Nc3 Bb4 4. a3 Bxc3+ 5. bxc3 b6 6. f3 d5 7. cxd5 exd5 8. e3
O-O 9. Bd3 Re8 10. Ne2 c5 11. O-O Nc6 12. Ng3 Bb7 13. Ra2 Rc8 14. Raf2 cxd4 15.
cxd4 Na5 16. Nf5 Nc4 17. g4 g6 18. Nh6+ Kg7 19. e4 Ng8 20. Nxg8 Kxg8 21. e5 Qe7
22. f4 Nxa3 23. f5 Nc4 24. fxg6 fxg6 25. Rf6 Rf8 26. g5 Rxf6 27. gxf6 Qf7 28.
Qg4 Re8 29. h4 Bc8 30. Qg5 Kh8 31. Qg3 Bf5 32. Bxf5 gxf5 33. Rxf5 a5 34. Bh6 Rg8
35. Rg5 Rg6 36. e6 Qxe6 37. Qb8+ Qg8 38. Bg7+ 1-0

[Event "Titled Tue 3rd Jun Early"]
[Site "chess.com INT"]
[Date "2025.06.03"]
[Round "8"]
[White "Ilinca, Felix-Antonio"]
[Black "Kim, Sergey"]
[Result "1-0"]
[WhiteTitle "IM"]
[BlackTitle "FM"]
[WhiteElo "2420"]
[BlackElo "2295"]
[WhiteFideId "54764998"]
[BlackFideId "13700570"]
[EventDate "2025.06.03"]

1. d4 Nf6 2. Nc3 g6 3. Bf4 d6 4. e3 c6 5. h3 Bg7 6. Nf3 O-O 7. a4 a5 8. Bc4 Na6
9. O-O Qc7 10. Bh2 Nd7 11. Qe2 e5 12. Rfd1 Re8 13. Bb3 d5 14. e4 Qd8 15. dxe5
Nxe5 16. exd5 Nxf3+ 17. Qxf3 Qf6 18. Qxf6 Bxf6 19. dxc6 bxc6 20. Rd6 Be6 21.
Rxc6 Nb4 22. Rc7 Bxb3 23. cxb3 Rad8 24. Bf4 Nd3 25. Be3 Nxb2 26. Rb1 Nd3 27. Rd1
Nb4 28. Rxd8 Rxd8 29. g3 Rd3 30. Ne4 Bd8 31. Rc8 f5 32. Nc5 Rd1+ 33. Kg2 Kf7 34.
Nb7 Bf6 35. Nxa5 Nd5 36. Nc4 Rb1 37. Rb8 g5 38. a5 f4 39. gxf4 gxf4 40. Bd2 Ra1
41. Kf3 Ra2 42. Bxf4 Nc3 43. Rb7+ Ke6 44. Rb6+ 1-0

[Event "Titled Tue 3rd Jun Early"]
[Site "chess.com INT"]
[Date "2025.06.03"]
[Round "8"]
[White "Porozhnyak, Maya"]
[Black "Hernandez Jimenez, Alexander Andres"]
[Result "1/2-1/2"]
[WhiteTitle "WCM"]
[BlackTitle "FM"]
[WhiteElo "1974"]
[BlackElo "2043"]
[WhiteFideId "34115843"]
[BlackFideId "3900452"]
[EventDate "2025.06.03"]

1. e4 c5 2. Nf3 d6 3. d4 cxd4 4. c3 d3 5. Bxd3 Nf6 6. h3 Nc6 7. O-O e6 8. Qe2
Be7 9. Rd1 Qc7 10. Bf4 Ne5 11. Bc2 O-O 12. Na3 Bd7 13. Rac1 a6 14. Nxe5 dxe5 15.
Bg5 b5 16. Bb3 Bc6 17. f3 Rfd8 18. Nc2 Bc5+ 19. Kh2 Nh5 20. Rxd8+ Rxd8 21. Bxd8
Qxd8 22. g3 Nxg3 23. Rd1 Qh4 24. Qg2 Nh5 25. Kh1 h6 26. Nb4 Bb7 27. Nd3 Bb6 28.
Nxe5 Bc7 29. Nxf7 Ng3+ 30. Kg1 Bb6+ 31. Kh2 Kxf7 32. Rd7+ Ke8 33. Rxb7 Nf1+ 34.
Kh1 Ng3+ 35. Kh2 Nf1+ 36. Kh1 Ng3+ 37. Kh2 1/2-1/2

[Event "Titled Tue 3rd Jun Early"]
[Site "chess.com INT"]
[Date "2025.06.03"]
[Round "8"]
[White "Hungaski, Robert"]
[Black "Weetik, Vjacheslav"]
[Result "1-0"]
[WhiteTitle "GM"]
[BlackTitle "FM"]
[WhiteElo "2477"]
[BlackElo "2423"]
[WhiteFideId "2021030"]
[BlackFideId "4153472"]
[EventDate "2025.06.03"]

1. h3 e5 2. e3 d5 3. d4 exd4 4. exd4 Nf6 5. Nf3 c5 6. c4 Nc6 7. Nc3 cxd4 8. Nxd4
Bb4 9. Be2 dxc4 10. Nxc6 Qxd1+ 11. Bxd1 bxc6 12. O-O O-O 13. Ba4 Bf5 14. Bxc6
Rab8 15. Bg5 Bd3 16. Rfe1 Rfd8 17. Bxf6 gxf6 18. a4 Ba5 19. Bb5 a6 20. Bxa6 Rxb2
21. Rec1 Ra8 22. Bb5 Bxc3 23. Bxc4 Bxc4 24. Rxc3 Rb4 25. a5 Be6 26. Rca3 Ra6 27.
f3 h5 28. Kh2 h4 29. Ra4 Rxa4 30. Rxa4 Kg7 31. Kg1 f5 32. Kf2 Kf6 33. Rxh4 Rxa5
34. Rb4 Ra2+ 35. Kg3 Rc2 36. h4 Bc4 37. Rb1 Ke5 38. Re1+ Re2 39. Rxe2+ Bxe2 40.
h5 f4+ 41. Kg4 Bf1 42. Kg5 Bxg2 43. h6 1-0

[Event "Titled Tue 3rd Jun Early"]
[Site "chess.com INT"]
[Date "2025.06.03"]
[Round "8"]
[White "Grabinsky, Vladimir"]
[Black "Mikhalsky, Vladimir"]
[Result "0-1"]
[WhiteTitle "IM"]
[WhiteElo "2192"]
[BlackElo "2219"]
[WhiteFideId "14107074"]
[BlackFideId "14144352"]
[EventDate "2025.06.03"]

1. e4 g6 2. d4 Bg7 3. Nc3 d6 4. Bg5 h6 5. Be3 a6 6. Qd2 Nc6 7. f4 Nf6 8. h3 e5
9. fxe5 dxe5 10. d5 Nd4 11. Nf3 Nxf3+ 12. gxf3 Nh5 13. O-O-O Qd6 14. Rg1 Bd7 15.
Qf2 Nf4 16. Bc5 Qf6 17. d6 c6 18. Bb6 h5 19. Na4 Bh6 20. Kb1 Bxh3 21. Bxh3 Nxh3
22. d7+ Kf8 23. Qc5+ Kg7 24. Rh1 Ng5 25. Rhf1 Ne6 26. Qd6 Bg5 27. Nc5 Nxc5 28.
Qxc5 Qe6 29. d8=Q Bxd8 30. Bxd8 Raxd8 31. Rxd8 Rxd8 32. b3 h4 33. f4 exf4 34.
Rxf4 h3 35. Qc3+ f6 36. e5 Qxe5 37. Qxe5 fxe5 38. Rh4 Rh8 0-1

[Event "Titled Tue 3rd Jun Early"]
[Site "chess.com INT"]
[Date "2025.06.03"]
[Round "8"]
[White "Sadubayev, Airat"]
[Black "Bratovic, Blaz"]
[Result "1-0"]
[WhiteTitle "FM"]
[BlackTitle "IM"]
[WhiteElo "2211"]
[BlackElo "2319"]
[WhiteFideId "13713264"]
[BlackFideId "14603551"]
[EventDate "2025.06.03"]

1. d4 f5 2. c4 Nf6 3. Nf3 e6 4. g3 d5 5. Bg2 Bd6 6. O-O O-O 7. b3 b6 8. Ba3 Bb7
9. Bxd6 cxd6 10. Nc3 dxc4 11. bxc4 Nbd7 12. Qb3 Ne4 13. Rfc1 Qe7 14. a3 Rfc8 15.
Nxe4 Bxe4 16. Ne1 Nf6 17. a4 Bxg2 18. Nxg2 Ne4 19. a5 bxa5 20. Rxa5 Qf6 21. e3
Ng5 22. h4 Nf3+ 23. Kh1 g5 24. Qd1 g4 25. Ne1 Nxe1 26. Qxe1 Qe7 27. Qb4 Rab8 28.
Qa3 Rb7 29. Ra6 Rd8 30. Kh2 Qc7 31. c5 dxc5 32. Rxc5 Qd7 33. Qa2 Rdb8 34. Qxe6+
Qxe6 35. Rxe6 Rb2 36. Rxf5 a5 37. Ra6 R8b5 38. Rxb5 Rxb5 39. Kg2 h5 40. Kf1 Kf7
41. Ke2 Rb2+ 42. Kd3 Rxf2 43. Rxa5 Rf3 44. Rxh5 Rxg3 45. Rg5 Kf6 46. Ke4 Rg1 47.
Kf4 Rf1+ 48. Kxg4 Rg1+ 49. Kf4 Rf1+ 50. Ke4 Re1 51. Rg3 Ke6 52. Rh3 Kf6 53. h5
Kg7 54. h6+ Kh7 55. d5 Rd1 56. Ke5 1-0

[Event "Titled Tue 3rd Jun Early"]
[Site "chess.com INT"]
[Date "2025.06.03"]
[Round "8"]
[White "FAWOLE, John Oyeyemi"]
[Black "Vyom Malhotra"]
[Result "0-1"]
[WhiteTitle "FM"]
[BlackTitle "CM"]
[WhiteElo "1987"]
[BlackElo "1975"]
[WhiteFideId "8501319"]
[BlackFideId "33383561"]
[EventDate "2025.06.03"]

1. e4 g6 2. Nf3 Bg7 3. d4 d6 4. Bd3 Nd7 5. O-O c5 6. c3 Ngf6 7. Re1 O-O 8. h3
cxd4 9. cxd4 e5 10. d5 Nh5 11. Nc3 Nf4 12. Bf1 Nb6 13. Be3 f5 14. Rc1 fxe4 15.
Bxb6 Qxb6 16. Nxe4 Bf5 17. Nfg5 h6 18. Ne6 Nxe6 19. dxe6 Bxe6 20. Qxd6 Qxd6 21.
Nxd6 Bxa2 22. Nxb7 Rab8 23. Rc7 Rf7 24. Rxf7 Kxf7 25. Ra1 Bd5 26. Nd6+ Ke6 27.
Rxa7 Bf6 28. Nc4 Rb4 29. Ra6+ Ke7 30. Ne3 Be6 31. Ra7+ Kf8 32. Ra6 Ke7 33. Ra7+
Kf8 34. Bd3 e4 35. Ra8+ Kg7 36. Ra7+ Kf8 37. Ra8+ Ke7 38. Ra7+ Kd8 39. Bf1 Bxb2 0-1

[Event "Titled Tue 3rd Jun Early"]
[Site "chess.com INT"]
[Date "2025.06.03"]
[Round "8"]
[White "Ejsymont, Blanka"]
[Black "Troltenier, Dirk"]
[Result "1-0"]
[WhiteTitle "WCM"]
[BlackTitle "FM"]
[WhiteElo "1907"]
[BlackElo "2174"]
[WhiteFideId "21088268"]
[BlackFideId "4606400"]
[EventDate "2025.06.03"]

1. e4 e5 2. Nf3 d6 3. d4 exd4 4. Nxd4 Nf6 5. Bd3 Be7 6. O-O O-O 7. f4 Nbd7 8.
Nf5 Nc5 9. Re1 Bxf5 10. exf5 d5 11. Qf3 Nxd3 12. cxd3 Re8 13. d4 Bb4 14. Rxe8+
Qxe8 15. Bd2 a5 16. Nc3 c6 17. Re1 Qd7 18. g4 Re8 19. Re5 Bd6 20. Rxe8+ Qxe8 21.
g5 Nd7 22. Qe3 Kf8 23. Kf2 Nb6 24. b3 Nc8 25. h4 Qd7 26. Qd3 g6 27. f6 Qg4 28.
Qg3 Qf5 29. Qh2 Qc2 30. Ke3 Bb4 31. Na4 Nd6 32. Qe2 Nf5+ 33. Kf2 1-0